Vzťah ako tanec: spolu a každý sám Komunikácia a medziľudské vzťahy

Recenzia knihy A.S. Lukniča: "Vzťah ako tanec: spolu a každý sám. Komunikácia a medziľudské vzťahy", Bratislava, Slovak Academic Press 1995. Hlavným cieľom knihy je pomôcť komunikovať sústredenejšie a efektívnejšie. Kniha sa skladá z troch častí.

Salvato in:
Dettagli Bibliografici
Autore principale: Luknič, Arnold Steve
Natura: Capitolo di libro
Lingua:slovacco
Soggetti:
Tags: Aggiungi Tag
Nessun Tag, puoi essere il primo ad aggiungerne!!

MARC

LEADER 00000naa a2200000 4500
001 r021372
005 20230724102313.6
041 0 |a slo 
044 |a SK 
245 1 0 |a Vzťah ako tanec: spolu a každý sám  |b Komunikácia a medziľudské vzťahy  |c Arnold Steve Luknič 
520 |a Recenzia knihy A.S. Lukniča: "Vzťah ako tanec: spolu a každý sám. Komunikácia a medziľudské vzťahy", Bratislava, Slovak Academic Press 1995. Hlavným cieľom knihy je pomôcť komunikovať sústredenejšie a efektívnejšie. Kniha sa skladá z troch častí. 
610 2 0 |a recenzie 
610 2 0 |a vzťahy medziľudské 
610 2 0 |a komunikácia 
100 1 |a Luknič, Arnold Steve